<?xml version="1.0" encoding="UTF-8"?>
<record
    xmlns:xsi="http://www.w3.org/2001/XMLSchema-instance"
    xsi:schemaLocation="http://www.loc.gov/MARC21/slim http://www.loc.gov/standards/marcxml/schema/MARC21slim.xsd"
    xmlns="http://www.loc.gov/MARC21/slim">

  <leader>01920nam a2200253Ia 4500</leader>
  <controlfield tag="001">227.07-STA be pa (22530)</controlfield>
  <controlfield tag="003">IT-MiSPE</controlfield>
  <controlfield tag="005">20250305075702.0</controlfield>
  <controlfield tag="008">171229s9999||||xx |||||||||||||| ||und||</controlfield>
  <datafield tag="040" ind1=" " ind2=" ">
    <subfield code="a">IT-MiSPE</subfield>
    <subfield code="c">IT-MiSPE</subfield>
  </datafield>
  <datafield tag="041" ind1=" " ind2=" ">
    <subfield code="a">ITALIANO</subfield>
  </datafield>
  <datafield tag="100" ind1=" " ind2=" ">
    <subfield code="a">Beno&#xEE;t Standaert </subfield>
    <subfield code="9">61751</subfield>
  </datafield>
  <datafield tag="240" ind1=" " ind2=" ">
    <subfield code="a">L'ap&#xF4;tre Paul selon les trois colonnes du monde</subfield>
  </datafield>
  <datafield tag="245" ind1=" " ind2="0">
    <subfield code="a">Paolo e le tre colonne del mondo</subfield>
  </datafield>
  <datafield tag="250" ind1=" " ind2=" ">
    <subfield code="a">1a ed. (v)</subfield>
  </datafield>
  <datafield tag="260" ind1=" " ind2=" ">
    <subfield code="a">Cinisello B.mo</subfield>
    <subfield code="b">San Paolo</subfield>
    <subfield code="c">2014</subfield>
  </datafield>
  <datafield tag="300" ind1=" " ind2=" ">
    <subfield code="a">207 p. </subfield>
    <subfield code="c">21 cm</subfield>
  </datafield>
  <datafield tag="490" ind1=" " ind2=" ">
    <subfield code="a">Parola di Dio: II serie</subfield>
    <subfield code="v">76</subfield>
  </datafield>
  <datafield tag="501" ind1=" " ind2=" ">
    <subfield code="a">Edizioni San Paolo srl - Piazza Soncino, 5 - 20092 CINISELLO BALSAMO (MI)  (non commercial uses only) &#xAE; Copyright 2018</subfield>
  </datafield>
  <datafield tag="520" ind1=" " ind2=" ">
    <subfield code="a"> Beno&#xEE;t Standaert, monaco benedettino, &#xE8; conosciuto per il suo scritto su "Le tre colonne del mondo", lo studio della Parola, la preghiera e le opere di misericordia che, come affermava Simone il Giusto alla fine del III secolo a.C., reggono il mondo. In questo volume, l'Autore propone di riconsiderare in quest'ottica l'insieme degli scritti di san Paolo. &#xC8; un'idea vincente: l'apostolo dei gentili dimostra di essere un autentico doctor caritatis, un uomo esercitato nell'arte della preghiera, un discepolo esemplare della lectio divina. La chiave di lettura offerta dalle pagine del benedettino belga consente un approccio originale e integrato alle lettere paoline, testi indubbiamente complessi, spesso conosciuti solo nell'inevitabile frammentariet&#xE0; di una presentazione liturgica. Questo saggio, che esprime grande familiarit&#xE0; con la Scrittura, indica a ogni lettore piste efficaci per accedere alla Bibbia e inoltrarsi in essa, per pregare, per vivere l'amore cristiano sulle orme dell'apostolo Paolo. Una lettura unitaria degli scritti di San Paolo sotto l'ottica delle tre colonne del mondo.</subfield>
  </datafield>
  <datafield tag="700" ind1=" " ind2=" ">
    <subfield code="a">Gioietta Casella</subfield>
    <subfield code="g">(traduzione)</subfield>
    <subfield code="9">61752</subfield>
  </datafield>
  <datafield tag="942" ind1=" " ind2=" ">
    <subfield code="c">BK</subfield>
    <subfield code="2">ddc</subfield>
  </datafield>
  <datafield tag="999" ind1=" " ind2=" ">
    <subfield code="c">339335</subfield>
    <subfield code="d">339335</subfield>
  </datafield>
  <datafield tag="999" ind1=" " ind2=" ">
    <subfield code="b">NO</subfield>
  </datafield>
  <datafield tag="952" ind1=" " ind2=" ">
    <subfield code="0">0</subfield>
    <subfield code="1">0</subfield>
    <subfield code="4">0</subfield>
    <subfield code="6">227_000000000000000_07STA_BE_PA_22530</subfield>
    <subfield code="7">1</subfield>
    <subfield code="a">CINISELLO</subfield>
    <subfield code="b">CINISELLO</subfield>
    <subfield code="d">2017-12-30</subfield>
    <subfield code="l">0</subfield>
    <subfield code="o">227.07-STA be pa (22530)</subfield>
    <subfield code="r">2017-12-30 00:00:00</subfield>
    <subfield code="w">2017-12-30</subfield>
    <subfield code="y">BK</subfield>
    <subfield code="z">(data import: 20 dicembre 2017) - By Epidotti, Vaglietti. </subfield>
  </datafield>
</record>
